[Event "British Rapidplay Championship 2023"]
[Site "Mercure Bradford, Bankfield Hotel"]
[Date "2023.04.15"]
[Round "2.20"]
[White "Smith, Jacob"]
[Black "Donahue, Randolph E"]
[Result "0-1"]
[TimeControl "All moves in 15 minutes plus 10 second increment per move from move 1"]
[WhiteElo "1513"]
[BlackElo "1722"]

1. e4 {[%clk 00:15:18]} {[%emt 00:00:01]} e5 {[%clk 00:15:19]} {[%emt
00:00:02]} 2. Nf3 {[%clk 00:15:27]} Nf6 {[%clk 00:15:27]} {[%emt 00:00:02]} 3.
Bc4 {[%clk 00:15:35]} {[%emt 00:00:01]} Nxe4 {[%clk 00:15:17]} {[%emt
00:00:21]} 4. Nc3 {[%clk 00:15:44]} {[%emt 00:00:01]} Nf6 {[%clk 00:15:25]}
{[%emt 00:00:01]} 5. Nxe5 {[%clk 00:15:38]} {[%emt 00:00:17]} d5 {[%clk
00:15:33]} {[%emt 00:00:02]} 6. Qe2 {[%clk 00:15:05]} {[%emt 00:00:43]} Be7
{[%clk 00:15:16]} {[%emt 00:00:26]} 7. Bb5+ {[%clk 00:14:40]} {[%emt 00:00:35]}
c6 {[%clk 00:15:23]} {[%emt 00:00:04]} 8. Ba4 {[%clk 00:14:47]} {[%emt
00:00:02]} O-O {[%clk 00:15:18]} {[%emt 00:00:15]} 9. O-O {[%clk 00:14:39]}
{[%emt 00:00:19]} Bd6 {[%clk 00:15:03]} {[%emt 00:00:24]} 10. d4 {[%clk
00:13:33]} {[%emt 00:01:16]} Re8 {[%clk 00:15:05]} {[%emt 00:00:08]} 11. Bg5
{[%clk 00:13:02]} {[%emt 00:00:42]} h6 {[%clk 00:14:48]} {[%emt 00:00:26]} 12.
Bh4 {[%clk 00:13:10]} {[%emt 00:00:03]} Nbd7 {[%clk 00:14:19]} {[%emt
00:00:38]} 13. Bg3 {[%clk 00:11:30]} {[%emt 00:01:49]} Qc7 {[%clk 00:13:54]}
{[%emt 00:00:36]} 14. Rae1 {[%clk 00:10:56]} {[%emt 00:00:45]} b5 {[%clk
00:10:51]} {[%emt 00:03:13]} 15. Bxb5 {[%clk 00:09:03]} {[%emt 00:02:02]} cxb5
{[%clk 00:10:31]} {[%emt 00:00:31]} 16. Nxb5 {[%clk 00:09:12]} {[%emt
00:00:01]} Qb6 {[%clk 00:10:31]} {[%emt 00:00:07]} 17. Nxd7 {[%clk 00:09:19]}
{[%emt 00:00:05]} Bxd7 {[%clk 00:09:45]} {[%emt 00:00:56]} 18. Qd2 {[%clk
00:06:17]} {[%emt 00:03:13]} Bxg3 {[%clk 00:09:17]} {[%emt 00:00:36]} 19. fxg3
{[%clk 00:05:58]} {[%emt 00:00:30]} Bxb5 {[%clk 00:09:06]} {[%emt 00:00:21]} 20.
Rf5 {[%clk 00:05:48]} {[%emt 00:00:20]} Rxe1+ {[%clk 00:08:24]} {[%emt
00:00:52]} 21. Qxe1 {[%clk 00:05:57]} {[%emt 00:00:02]} Qxd4+ {[%clk 00:08:28]}
{[%emt 00:00:05]} 22. Kh1 {[%clk 00:05:37]} {[%emt 00:00:30]} Re8 {[%clk
00:08:35]} {[%emt 00:00:03]} 23. Qc1 {[%clk 00:05:40]} {[%emt 00:00:07]} Qxb2
{[%clk 00:07:49]} {[%emt 00:00:56]} 24. Rf1 {[%clk 00:05:49]} {[%emt 00:00:02]}
Qxc1 {[%clk 00:06:54]} {[%emt 00:01:04]} 25. Rxc1 {[%clk 00:05:58]} {[%emt
00:00:02]} Re2 {[%clk 00:06:57]} {[%emt 00:00:06]} 26. h3 {[%clk 00:05:37]}
{[%emt 00:00:31]} Ne4 {[%clk 00:07:02]} {[%emt 00:00:06]} 27. Kh2 {[%clk
00:05:42]} {[%emt 00:00:05]} h5 {[%clk 00:06:49]} {[%emt 00:00:23]} 28. h4
{[%clk 00:05:37]} {[%emt 00:00:15]} Nf6 {[%clk 00:06:31]} {[%emt 00:00:27]} 29.
a3 {[%clk 00:05:13]} {[%emt 00:00:34]} Ng4+ {[%clk 00:06:33]} {[%emt 00:00:08]}
30. Kh3 {[%clk 00:05:22]} {[%emt 00:00:02]} Ne3 {[%clk 00:06:33]} {[%emt
00:00:09]} 31. c4 {[%clk 00:04:29]} {[%emt 00:01:04]} dxc4 {[%clk 00:06:26]}
{[%emt 00:00:16]} 32. Rc3 {[%clk 00:04:11]} {[%emt 00:00:28]} Bd7+ {[%clk
00:06:30]} {[%emt 00:00:06]} 33. g4 {[%clk 00:03:13]} {[%emt 00:01:09]} Bxg4+
{[%clk 00:06:24]} {[%emt 00:00:15]} 34. Kh2 {[%clk 00:03:02]} {[%emt 00:00:21]}
Rxg2+ {[%clk 00:06:20]} {[%emt 00:00:14]} 35. Kh1 {[%clk 00:03:11]} {[%emt
00:00:02]} Re2 {[%clk 00:06:28]} {[%emt 00:00:02]} 36. a4 {[%clk 00:02:26]}
{[%emt 00:00:55]} Bf3+ {[%clk 00:06:06]} {[%emt 00:00:31]} 37. Kg1 {[%clk
00:02:34]} {[%emt 00:00:02]} Rg2+ {[%clk 00:06:09]} {[%emt 00:00:06]} 38. Kh1
{[%clk 00:02:43]} {[%emt 00:00:03]} Rg4+ {[%clk 00:05:41]} {[%emt 00:00:37]} 39.
Kh2 {[%clk 00:02:45]} {[%emt 00:00:08]} Nf1+ {[%clk 00:05:49]} {[%emt
00:00:02]} 40. Kh3 {[%clk 00:02:48]} {[%emt 00:00:08]} Bg2# {[%clk 00:05:43]}
{[%emt 00:00:03]} 0-1

[Event "British Rapidplay Championship 2023"]
[Site "Mercure Bradford, Bankfield Hotel"]
[Date "2023.04.15"]
[Round "2.21"]
[White "Rogers, Bernard A"]
[Black "De Silva, Sithun"]
[Result "1-0"]
[TimeControl "All moves in 15 minutes plus 10 second increment per move from move 1"]
[WhiteElo "1772"]
[BlackElo "1507"]

1. e4 {[%clk 00:15:17]} {[%emt 00:00:03]} e6 {[%clk 00:15:18]} {[%emt
00:00:02]} 2. d4 {[%clk 00:15:24]} {[%emt 00:00:04]} d5 {[%clk 00:15:27]}
{[%emt 00:00:02]} 3. exd5 {[%clk 00:15:31]} {[%emt 00:00:03]} exd5 {[%clk
00:15:35]} {[%emt 00:00:02]} 4. Nf3 {[%clk 00:15:39]} Bd6 {[%clk 00:15:41]}
{[%emt 00:00:04]} 5. Bd3 {[%clk 00:15:46]} {[%emt 00:00:03]} Nf6 {[%clk
00:15:34]} {[%emt 00:00:17]} 6. O-O {[%clk 00:15:54]} {[%emt 00:00:02]} O-O
{[%clk 00:15:42]} {[%emt 00:00:02]} 7. Bg5 {[%clk 00:15:55]} {[%emt 00:00:09]}
Bg4 {[%clk 00:15:19]} {[%emt 00:00:33]} 8. Nbd2 {[%clk 00:15:48]} {[%emt
00:00:17]} Nbd7 {[%clk 00:14:54]} {[%emt 00:00:35]} 9. c3 {[%clk 00:15:56]}
{[%emt 00:00:02]} c6 {[%clk 00:15:02]} {[%emt 00:00:02]} 10. Qc2 {[%clk
00:15:56]} {[%emt 00:00:11]} h6 {[%clk 00:14:02]} {[%emt 00:01:09]} 11. Bh4
{[%clk 00:16:04]} {[%emt 00:00:03]} Qc7 {[%clk 00:13:27]} {[%emt 00:00:42]} 12.
Bg3 {[%clk 00:15:58]} {[%emt 00:00:18]} Rfe8 {[%clk 00:13:00]} {[%emt
00:00:37]} 13. Bxd6 {[%clk 00:15:55]} {[%emt 00:00:14]} Qxd6 {[%clk 00:13:07]}
{[%emt 00:00:02]} 14. h3 {[%clk 00:16:03]} {[%emt 00:00:02]} Bxf3 {[%clk
00:13:06]} {[%emt 00:00:11]} 15. Nxf3 {[%clk 00:16:11]} {[%emt 00:00:02]} c5
{[%clk 00:12:22]} {[%emt 00:00:54]} 16. Rfe1 {[%clk 00:14:53]} {[%emt
00:01:29]} cxd4 {[%clk 00:11:45]} {[%emt 00:00:47]} 17. Nxd4 {[%clk 00:14:33]}
{[%emt 00:00:29]} Ne5 {[%clk 00:10:02]} {[%emt 00:01:50]} 18. Bb5 {[%clk
00:14:18]} {[%emt 00:00:28]} Nfd7 {[%clk 00:08:35]} {[%emt 00:01:36]} 19. Qf5
{[%clk 00:13:10]} {[%emt 00:01:20]} a6 {[%clk 00:06:38]} {[%emt 00:02:06]} 20.
Ba4 {[%clk 00:13:17]} {[%emt 00:00:03]} b5 {[%clk 00:05:54]} {[%emt 00:00:54]}
21. Bc2 {[%clk 00:13:01]} {[%emt 00:00:26]} Ng6 {[%clk 00:05:43]} {[%emt
00:00:21]} 22. Qg4 {[%clk 00:12:10]} {[%emt 00:01:01]} Nf6 {[%clk 00:05:22]}
{[%emt 00:00:30]} 1-0

[Event "British Rapidplay Championship 2023"]
[Site "Mercure Bradford, Bankfield Hotel"]
[Date "2023.04.15"]
[Round "2.22"]
[White "Graff, Ben"]
[Black "McKay, Ruairidh"]
[Result "0-1"]
[TimeControl "All moves in 15 minutes plus 10 second increment per move from move 1"]
[WhiteElo "1658"]
[BlackElo "1460"]

1. e4 {[%clk 00:15:19]} c6 {[%clk 00:15:18]} {[%emt 00:00:02]} 2. d4 {[%clk
00:15:28]} d5 {[%clk 00:15:27]} {[%emt 00:00:02]} 3. exd5 {[%clk 00:15:36]}
{[%emt 00:00:02]} cxd5 {[%clk 00:15:35]} 4. Bd3 {[%clk 00:15:43]} {[%emt
00:00:03]} Nf6 {[%clk 00:15:21]} {[%emt 00:00:24]} 5. h3 {[%clk 00:15:51]}
{[%emt 00:00:02]} e6 {[%clk 00:15:04]} {[%emt 00:00:28]} 6. Nf3 {[%clk
00:15:55]} {[%emt 00:00:06]} Nc6 {[%clk 00:15:06]} {[%emt 00:00:08]} 7. c3
{[%clk 00:16:03]} {[%emt 00:00:02]} Qc7 {[%clk 00:14:33]} {[%emt 00:00:43]} 8.
O-O {[%clk 00:15:35]} {[%emt 00:00:36]} Be7 {[%clk 00:14:42]} {[%emt 00:00:03]}
9. Bg5 {[%clk 00:15:07]} {[%emt 00:00:38]} Bd7 {[%clk 00:13:30]} {[%emt
00:01:22]} 10. Nbd2 {[%clk 00:15:08]} {[%emt 00:00:09]} h6 {[%clk 00:13:05]}
{[%emt 00:00:35]} 11. Bh4 {[%clk 00:15:11]} {[%emt 00:00:06]} g5 {[%clk
00:13:00]} {[%emt 00:00:16]} 12. Bg3 {[%clk 00:15:09]} {[%emt 00:00:10]} Bd6
{[%clk 00:13:07]} {[%emt 00:00:03]} 13. Bxd6 {[%clk 00:14:46]} {[%emt
00:00:33]} Qxd6 {[%clk 00:13:15]} {[%emt 00:00:02]} 14. c4 {[%clk 00:12:42]}
{[%emt 00:02:14]} O-O-O {[%clk 00:12:36]} {[%emt 00:00:49]} 15. cxd5 {[%clk
00:12:31]} {[%emt 00:00:21]} exd5 {[%clk 00:12:26]} {[%emt 00:00:20]} 16. Rc1
{[%clk 00:12:25]} {[%emt 00:00:16]} Kb8 {[%clk 00:12:20]} {[%emt 00:00:17]} 17.
Re1 {[%clk 00:11:30]} {[%emt 00:01:04]} g4 {[%clk 00:12:10]} {[%emt 00:00:20]}
18. hxg4 {[%clk 00:11:22]} {[%emt 00:00:18]} Nxg4 {[%clk 00:11:15]} {[%emt
00:01:05]} 19. Nf1 {[%clk 00:10:49]} {[%emt 00:00:43]} f6 {[%clk 00:10:41]}
{[%emt 00:00:45]} 20. a3 {[%clk 00:09:50]} {[%emt 00:01:09]} h5 {[%clk
00:10:15]} {[%emt 00:00:35]} 21. Qc2 {[%clk 00:09:50]} {[%emt 00:00:10]} h4
{[%clk 00:09:41]} {[%emt 00:00:45]} 22. Bf5 {[%clk 00:09:32]} {[%emt 00:00:27]}
h3 {[%clk 00:07:54]} {[%emt 00:01:58]} 23. g3 {[%clk 00:09:02]} {[%emt
00:00:40]} Rdg8 {[%clk 00:06:56]} {[%emt 00:01:07]} 24. Bxd7 {[%clk 00:07:41]}
{[%emt 00:01:31]} Qxd7 {[%clk 00:07:04]} {[%emt 00:00:03]} 25. N3h2 {[%clk
00:06:04]} {[%emt 00:01:46]} f5 {[%clk 00:05:10]} {[%emt 00:02:04]} 26. Nxg4
{[%clk 00:05:31]} {[%emt 00:00:43]} Rxg4 {[%clk 00:04:41]} {[%emt 00:00:40]} 27.
Qd2 {[%clk 00:04:25]} {[%emt 00:01:16]} Nxd4 {[%clk 00:03:37]} {[%emt
00:01:14]} 28. Qe3 {[%clk 00:03:28]} {[%emt 00:01:06]} Re4 {[%clk 00:03:24]}
{[%emt 00:00:23]} 29. Qc3 {[%clk 00:03:22]} {[%emt 00:00:15]} Rhe8 {[%clk
00:02:06]} {[%emt 00:01:29]} 30. Rxe4 {[%clk 00:02:17]} {[%emt 00:01:15]} Rxe4
{[%clk 00:02:09]} {[%emt 00:00:07]} 31. Rc2 {[%clk 00:00:45]} {[%emt 00:01:42]}
Ne2+ {[%clk 00:01:56]} {[%emt 00:00:24]} 32. Rxe2 {[%clk 00:00:51]} {[%emt
00:00:03]} Rxe2 {[%clk 00:02:04]} {[%emt 00:00:02]} 33. Qh8+ {[%clk 00:00:47]}
{[%emt 00:00:15]} Qc8 {[%clk 00:01:43]} {[%emt 00:00:30]} 34. Qxh3 {[%clk
00:00:51]} {[%emt 00:00:06]} Rxb2 {[%clk 00:01:50]} {[%emt 00:00:04]} 35. Ne3
{[%clk 00:00:30]} {[%emt 00:00:30]} f4 {[%clk 00:01:02]} {[%emt 00:00:59]} 36.
Qh5 {[%clk 00:00:17]} {[%emt 00:00:22]} Rb1+ {[%clk 00:00:29]} {[%emt
00:00:43]} 37. Kg2 {[%clk 00:00:21]} {[%emt 00:00:06]} fxe3 {[%clk 00:00:37]}
{[%emt 00:00:02]} 38. Qe5+ {[%clk 00:00:26]} {[%emt 00:00:06]} Ka8 {[%clk
00:00:36]} {[%emt 00:00:10]} 39. Qxe3 {[%clk 00:00:32]} {[%emt 00:00:04]} Rb6
{[%clk 00:00:33]} {[%emt 00:00:13]} 40. Qe5 {[%clk 00:00:37]} {[%emt 00:00:06]}
Qd8 {[%clk 00:00:24]} {[%emt 00:00:19]} 41. Qd4 {[%clk 00:00:41]} {[%emt
00:00:05]} Ra6 {[%clk 00:00:23]} {[%emt 00:00:11]} 42. a4 {[%clk 00:00:48]}
{[%emt 00:00:03]} Rc6 {[%clk 00:00:30]} {[%emt 00:00:02]} 43. g4 {[%clk
00:00:55]} {[%emt 00:00:05]} Rc4 {[%clk 00:00:37]} {[%emt 00:00:03]} 44. Qg7
{[%clk 00:01:03]} {[%emt 00:00:01]} Rxa4 {[%clk 00:00:31]} {[%emt 00:00:18]} 45.
Kg3 {[%clk 00:01:10]} {[%emt 00:00:02]} d4 {[%clk 00:00:31]} {[%emt 00:00:08]}
46. Qg6 {[%clk 00:01:17]} {[%emt 00:00:04]} d3 {[%clk 00:00:26]} {[%emt
00:00:15]} 47. Qe4 {[%clk 00:01:22]} {[%emt 00:00:06]} Rxe4 {[%clk 00:00:25]}
{[%emt 00:00:11]} 0-1

[Event "British Rapidplay Championship 2023"]
[Site "Mercure Bradford, Bankfield Hotel"]
[Date "2023.04.15"]
[Round "2.23"]
[White "Convalle, Pietro"]
[Black "Baxter, Martin"]
[Result "0-1"]
[TimeControl "All moves in 15 minutes plus 10 second increment per move from move 1"]
[WhiteElo "1481"]
[BlackElo "1766"]

1. d4 {[%clk 00:15:19]} Nf6 {[%clk 00:15:18]} {[%emt 00:00:03]} 2. Bf4 {[%clk
00:15:28]} {[%emt 00:00:01]} g6 {[%clk 00:15:21]} {[%emt 00:00:06]} 3. Nd2
{[%clk 00:15:34]} {[%emt 00:00:04]} d5 {[%clk 00:15:27]} {[%emt 00:00:03]} 4.
Ngf3 {[%clk 00:15:41]} {[%emt 00:00:04]} Bg7 {[%clk 00:15:35]} {[%emt
00:00:02]} 5. e3 {[%clk 00:15:49]} {[%emt 00:00:02]} O-O {[%clk 00:15:41]}
{[%emt 00:00:03]} 6. Be2 {[%clk 00:15:47]} {[%emt 00:00:13]} c5 {[%clk
00:15:46]} {[%emt 00:00:05]} 7. c3 {[%clk 00:15:56]} {[%emt 00:00:02]} cxd4
{[%clk 00:15:52]} {[%emt 00:00:04]} 8. cxd4 {[%clk 00:16:04]} {[%emt 00:00:02]}
Nc6 {[%clk 00:15:58]} {[%emt 00:00:03]} 9. Ne5 {[%clk 00:16:11]} {[%emt
00:00:03]} Nxe5 {[%clk 00:15:42]} {[%emt 00:00:26]} 10. Bxe5 {[%clk 00:16:18]}
{[%emt 00:00:03]} Bf5 {[%emt 00:00:20]} 11. Qb3 {[%clk 00:15:22]} {[%emt
00:01:03]} Qd7 {[%clk 00:15:14]} {[%emt 00:00:31]} 12. O-O {[%clk 00:14:24]}
{[%emt 00:01:08]} a6 {[%clk 00:15:02]} {[%emt 00:00:23]} 13. f3 {[%clk
00:13:21]} {[%emt 00:01:12]} Rac8 {[%clk 00:14:36]} {[%emt 00:00:36]} 14. a3
{[%clk 00:11:16]} {[%emt 00:02:16]} Bh6 {[%clk 00:11:26]} {[%emt 00:03:19]} 15.
Bxf6 {[%clk 00:10:14]} {[%emt 00:01:12]} Bc2 {[%clk 00:10:29]} {[%emt
00:01:06]} 16. Qa2 {[%clk 00:09:51]} {[%emt 00:00:33]} Bxe3+ {[%clk 00:10:34]}
{[%emt 00:00:06]} 17. Kh1 {[%clk 00:09:37]} {[%emt 00:00:24]} exf6 {[%clk
00:10:20]} {[%emt 00:00:24]} 18. Nb3 {[%clk 00:08:29]} {[%emt 00:01:19]} Rfe8
{[%clk 00:07:17]} {[%emt 00:03:12]} 19. Nc5 {[%clk 00:06:04]} {[%emt 00:02:35]}
Qf5 {[%clk 00:04:51]} {[%emt 00:02:36]} 20. Nxb7 {[%clk 00:01:41]} {[%emt
00:04:33]} Bf4 {[%clk 00:04:22]} {[%emt 00:00:38]} 21. Bxa6 {[%clk 00:01:45]}
{[%emt 00:00:07]} Qh5 {[%clk 00:03:58]} {[%emt 00:00:34]} 22. g3 {[%clk
00:01:49]} {[%emt 00:00:06]} Bxg3 {[%clk 00:03:59]} {[%emt 00:00:08]} 23. Rf2
{[%clk 00:01:40]} {[%emt 00:00:20]} Bxf2 {[%clk 00:03:57]} {[%emt 00:00:11]} 24.
Bf1 {[%clk 00:01:35]} {[%emt 00:00:16]} Bg3 {[%clk 00:03:16]} {[%emt 00:00:51]}
25. h3 {[%clk 00:01:42]} {[%emt 00:00:03]} Qxf3+ {[%clk 00:02:52]} {[%emt
00:00:34]} 26. Bg2 {[%clk 00:01:39]} {[%emt 00:00:13]} Qf4 {[%clk 00:02:02]}
{[%emt 00:00:59]} 27. Qxd5 {[%clk 00:01:46]} {[%emt 00:00:05]} f5 {[%clk
00:01:29]} {[%emt 00:00:42]} 28. a4 {[%clk 00:01:55]} {[%emt 00:00:02]} Be4
{[%clk 00:01:26]} {[%emt 00:00:13]} 29. Rf1 {[%clk 00:01:52]} {[%emt 00:00:12]}
Bxd5 {[%clk 00:01:28]} {[%emt 00:00:08]} 30. Rxf4 {[%clk 00:02:00]} {[%emt
00:00:03]} Bxf4 {[%clk 00:01:33]} {[%emt 00:00:04]} 31. Bxd5 {[%clk 00:02:07]}
{[%emt 00:00:04]} Re1+ {[%clk 00:01:24]} {[%emt 00:00:18]} 32. Kg2 {[%clk
00:02:16]} {[%emt 00:00:01]} Rc2+ {[%clk 00:01:27]} {[%emt 00:00:07]} 33. Kf3
{[%clk 00:02:16]} {[%emt 00:00:10]} Bh2 {[%clk 00:01:22]} {[%emt 00:00:15]} 34.
a5 {[%clk 00:02:00]} {[%emt 00:00:25]} Rf1+ {[%clk 00:01:12]} {[%emt 00:00:20]}
35. Ke3 {[%clk 00:02:05]} {[%emt 00:00:06]} Bf4+ {[%clk 00:01:12]} {[%emt
00:00:10]} 36. Kd3 {[%clk 00:02:06]} {[%emt 00:00:09]} Rxb2 {[%clk 00:01:05]}
{[%emt 00:00:16]} 37. Nc5 {[%clk 00:01:19]} {[%emt 00:00:57]} Rd2+ {[%clk
00:00:51]} {[%emt 00:00:23]} 38. Kc4 {[%clk 00:01:19]} {[%emt 00:00:10]} Rc1+
{[%clk 00:00:52]} {[%emt 00:00:10]} 39. Kb5 {[%clk 00:01:28]} Rb2+ {[%clk
00:00:54]} {[%emt 00:00:07]} 40. Ka6 {[%clk 00:01:37]} {[%emt 00:00:02]} Bd2
{[%clk 00:00:52]} {[%emt 00:00:12]} 41. Nd3 {[%clk 00:01:34]} {[%emt 00:00:14]}
Ra1 {[%clk 00:00:49]} {[%emt 00:00:13]} 42. Nxb2 {[%clk 00:01:22]} {[%emt
00:00:22]} Rxa5+ {[%clk 00:00:56]} {[%emt 00:00:03]} 43. Kb6 {[%clk 00:01:25]}
{[%emt 00:00:06]} Rxd5 {[%clk 00:01:04]} {[%emt 00:00:03]} 44. h4 {[%clk
00:01:30]} {[%emt 00:00:04]} f4 {[%clk 00:01:11]} {[%emt 00:00:02]} 45. h5
{[%clk 00:01:39]} f3 {[%clk 00:01:19]} {[%emt 00:00:02]} 46. hxg6 {[%clk
00:01:46]} {[%emt 00:00:02]} f2 {[%clk 00:01:26]} {[%emt 00:00:05]} 47. gxf7+
{[%clk 00:01:55]} {[%emt 00:00:01]} Kxf7 {[%clk 00:01:35]} {[%emt 00:00:01]} 48.
Nd3 {[%clk 00:02:03]} {[%emt 00:00:02]} Rf5 {[%clk 00:01:37]} {[%emt 00:00:07]}
49. Nxf2 {[%clk 00:02:12]} {[%emt 00:00:02]} Rxf2 {[%clk 00:01:46]} 50. Kc5
{[%clk 00:02:19]} {[%emt 00:00:03]} h5 {[%clk 00:01:53]} {[%emt 00:00:03]} 51.
d5 {[%clk 00:02:28]} Bf4 {[%clk 00:02:00]} {[%emt 00:00:03]} 52. Kc6 {[%clk
00:02:35]} {[%emt 00:00:02]} h4 {[%clk 00:02:08]} {[%emt 00:00:02]} 53. d6
{[%clk 00:02:44]} {[%emt 00:00:02]} Bxd6 {[%clk 00:02:15]} {[%emt 00:00:02]} 54.
Kxd6 {[%clk 00:02:53]} {[%emt 00:00:02]} h3 {[%clk 00:02:24]} {[%emt 00:00:01]}
0-1

[Event "British Rapidplay Championship 2023"]
[Site "Mercure Bradford, Bankfield Hotel"]
[Date "2023.04.15"]
[Round "2.24"]
[White "Harker, Peter"]
[Black "Manavalan, Keerthi Kumar"]
[Result "1-0"]
[TimeControl "All moves in 15 minutes plus 10 second increment per move from move 1"]
[WhiteElo "1481"]
[BlackElo "1419"]

1. d4 {[%clk 00:15:19]} Nf6 {[%clk 00:15:15]} {[%emt 00:00:04]} 2. c4 {[%clk
00:15:28]} {[%emt 00:00:02]} g6 {[%clk 00:15:19]} {[%emt 00:00:06]} 3. Nc3
{[%clk 00:15:37]} {[%emt 00:00:01]} Bg7 {[%clk 00:15:26]} {[%emt 00:00:03]} 4.
e4 {[%clk 00:15:46]} {[%emt 00:00:02]} d6 {[%clk 00:15:34]} {[%emt 00:00:02]} 5.
f3 {[%clk 00:15:55]} {[%emt 00:00:01]} Nc6 {[%clk 00:15:04]} {[%emt 00:00:40]}
6. Bg5 {[%clk 00:15:56]} {[%emt 00:00:08]} O-O {[%clk 00:14:39]} {[%emt
00:00:34]} 7. Qd2 {[%clk 00:15:56]} {[%emt 00:00:11]} e5 {[%clk 00:12:33]}
{[%emt 00:02:17]} 8. d5 {[%clk 00:16:03]} {[%emt 00:00:03]} Nb4 {[%clk
00:12:07]} {[%emt 00:00:35]} 9. a3 {[%clk 00:15:54]} {[%emt 00:00:20]} Na6
{[%clk 00:12:15]} {[%emt 00:00:01]} 10. Nge2 {[%clk 00:16:02]} {[%emt
00:00:03]} Nc5 {[%clk 00:12:15]} {[%emt 00:00:09]} 11. Rb1 {[%clk 00:15:39]}
{[%emt 00:00:33]} a5 {[%clk 00:10:41]} {[%emt 00:01:44]} 12. Ng3 {[%clk
00:14:56]} {[%emt 00:00:53]} Bd7 {[%clk 00:10:12]} {[%emt 00:00:40]} 13. Be2
{[%clk 00:14:46]} {[%emt 00:00:20]} Qc8 {[%clk 00:09:45]} {[%emt 00:00:37]} 14.
O-O {[%clk 00:14:41]} {[%emt 00:00:14]} a4 {[%clk 00:09:16]} {[%emt 00:00:39]}
15. h3 {[%clk 00:12:08]} {[%emt 00:02:43]} Nb3 {[%clk 00:08:37]} {[%emt
00:00:50]} 16. Qe3 {[%clk 00:11:38]} {[%emt 00:00:37]} Nd4 {[%clk 00:08:28]}
{[%emt 00:00:20]} 17. f4 {[%clk 00:10:43]} {[%emt 00:01:05]} Ne8 {[%clk
00:07:38]} {[%emt 00:01:01]} 18. Be7 {[%clk 00:10:32]} {[%emt 00:00:20]} Bh6
{[%clk 00:06:35]} {[%emt 00:01:13]} 19. Bxf8 {[%clk 00:09:25]} {[%emt
00:01:18]} Kxf8 {[%clk 00:06:41]} {[%emt 00:00:04]} 20. Qf2 {[%clk 00:09:17]}
{[%emt 00:00:16]} Bxf4 {[%clk 00:04:33]} {[%emt 00:02:19]} 21. Bd1 {[%clk
00:07:25]} {[%emt 00:02:03]} Ng7 {[%clk 00:02:37]} {[%emt 00:02:05]} 22. Nce2
{[%clk 00:07:25]} {[%emt 00:00:10]} Nxe2+ {[%clk 00:01:57]} {[%emt 00:00:49]}
23. Nxe2 {[%clk 00:07:24]} {[%emt 00:00:13]} Nh5 {[%clk 00:01:55]} {[%emt
00:00:11]} 24. Nxf4 {[%clk 00:06:39]} {[%emt 00:00:56]} Nxf4 {[%clk 00:02:01]}
{[%emt 00:00:03]} 25. h4 {[%clk 00:03:06]} {[%emt 00:03:43]} Bh3 {[%clk
00:01:53]} {[%emt 00:00:18]} 26. Bf3 {[%clk 00:03:09]} {[%emt 00:00:07]} Bg4
{[%clk 00:01:42]} {[%emt 00:00:20]} 27. Qg3 {[%clk 00:02:09]} {[%emt 00:01:12]}
Bxf3 {[%clk 00:01:28]} {[%emt 00:00:24]} 28. Qxf3 {[%clk 00:02:13]} {[%emt
00:00:05]} Qd8 {[%clk 00:01:31]} {[%emt 00:00:07]} 29. g3 {[%clk 00:02:06]}
{[%emt 00:00:17]} Nh5 {[%clk 00:01:27]} {[%emt 00:00:14]} 30. Qxf7# {[%clk
00:02:00]} {[%emt 00:00:04]} 1-0